000 00312cam a22001217a 4500
008 180718b1959 xxu||||| |||| 00| 0 eng d
082 _aL12 Sa19
100 _aSahota, G.S.
245 _aManual of capital budgeting
_cby G.S. Sahota
260 _aDelhi
_b
_c1959
300 _ax, 241p.
650 _aCapital budgeting
999 _c501817
_d501817